000 00732 a2200205 4500
020 _a0070486581
020 _a9780070486584
082 _a519.2
090 _c1581
_d1581
100 1 _aPapoulis, S Pillai Athanasios.
245 1 0 _aProbability, random variables and stochastic processes /
_cS Pillai Athanasios Papoulis.
250 _a4th ed.
260 _aNew Delhi
_bTata Mcgraw Hill,
_c2002.
300 _a852 p. ;
_c24 cm.
490 1 _aTata McGraw-Hill Edition
520 _aProbability, Random Variables and Stochastic.
830 0 _aTata McGraw-Hill Edition
942 _aSNS
_cBK
_k519.2 PAP
999 _c64019
_d64019